Normal view
MARC view
- Sarna.C.S.
Entry Personal Name
001 - CONTROL NUMBER
- control field: 4587
003 - CONTROL NUMBER IDENTIFIER
- control field: OSt
005 - DATE AND TIME OF LATEST TRANSACTION
- control field: 20171130111445.0
008 - FIXED-LENGTH DATA ELEMENTS
- fixed length control field: 171130|| aca||aabn | a|a d
040 ## - CATALOGING SOURCE
- Original cataloging agency: OSt
- Transcribing agency: OSt
100 ## - HEADING--PERSONAL NAME
- Personal name: Sarna.C.S.
670 ## - SOURCE DATA FOUND
- Source citation: Work cat.: (OSt): Sarna.C.S., Grow with composite Mathematics-VI